Πορίσματα παιδαγωγικών συνεδρίων Αης εκπ-κης περιφ. Φθιώτιδας
Αποθηκεύτηκε σε:
| Κύριος συγγραφέας: | |
|---|---|
| Μορφή: | Βιβλίο |
| Γλώσσα: | Greek |
| Δημοσίευση: |
Αθήναι :
Εκδόσεις Β.Μ.Β.,
1960.
|
| Σειρά: | Βασική μορφωτική βιβλιοθήκη
|
| Θέματα: | |
| Ετικέτες: |
Προσθήκη ετικέτας
Δεν υπάρχουν, Καταχωρήστε ετικέτα πρώτοι!
|
MARC
| LEADER | 00000cam a2200000 i 4500 | ||
|---|---|---|---|
| 001 | 1/34995 | ||
| 008 | 130822s1960 gr | ||| |||| ||gre|| | ||
| 035 | |l 10115381 | ||
| 040 | |a GR-MY-UA |b gre |e aacr | ||
| 041 | 0 | |a gre | |
| 082 | 7 | |a 370 |2 (22) | |
| 100 | 1 | |a Νέζης, Παναγιώτης Λ. | |
| 245 | 1 | 0 | |a Πορίσματα παιδαγωγικών συνεδρίων Αης εκπ-κης περιφ. Φθιώτιδας / |c Παναγιώτου Λ. Νέζη. |
| 260 | |a Αθήναι : |b Εκδόσεις Β.Μ.Β., |c 1960. | ||
| 300 | |a 78 [1] σ. ; |c 23 εκ. | ||
| 490 | 1 | |a (Βασική μορφωτική βιβλιοθήκη) | |
| 500 | |a Στη σ.τ. σφραγίδα "Δωρεά Μαθητικής Πρόνοιας δια την Δανειστικήν Βιβλιοθήκην του Σχολείου". | ||
| 500 | |a Στο εξώφυλλο Εκδόσεις "ΝΙΚΗ" Αθήναι. | ||
| 650 | 0 | 0 | |a Education |z Greece |z Fthiotida |x Congresses. |
| 830 | 0 | |a Βασική μορφωτική βιβλιοθήκη | |
| 852 | |a INST |b SAMOS |c PORFYRIADA |e 20130822 |h 370 ΝΕΖ |p 005300040425 |q 005300040425 |t NOLOAN |y 23 | ||
| 901 | |a BIBL3-2013-1 | ||
| 909 | |a Σ |b 178656 | ||
| 970 | |a ΚΟΣΙΕΡΗΣ |b ΧΡΗΣΤΟΣ |z 2013/07/10 | ||